[Event "FRA-ch op-D"]
[Site "Aix les Bains"]
[Date "2007.08.17"]
[Round "4"]
[White "Bouteiller, Eleonore"]
[Black "Duffaud, Celia"]
[Result "1-0"]
[WhiteElo "1480"]
[BlackElo "1390"]
[PlyCount "109"]
[EventDate "2007.08.13"]
[EventType "swiss"]
[EventRounds "11"]
[EventCountry "FRA"]
[SourceTitle "CBM 120 Extra"]
[Source "ChessBase"]
[SourceDate "2007.11.01"]
[SourceVersion "1"]
[SourceVersionDate "2007.11.01"]
[SourceQuality "1"]

1. d4 d5 2. c4 e6 3. Nf3 Nf6 4. Nc3 Bd7 5. cxd5 exd5 6. Bg5 Nc6 7. Bxf6 gxf6 8. Nxd5 Be6 9. Nc3 Bd5 10. e4 Bxe4 11. Nxe4 Bb4+ 12. Nc3 Qe7+ 13. Qe2 0-0-0 14. Qxe7 Nxe7 15. a3 Ba5 16. b4 Bb6 17. Rd1 Nf5 18. d5 Rd6 19. Bc4 Re8+ 20. Ne2 c6 21. dxc6 Rxc6 22. Bxf7 Re7 23. Bd5 Rc2 24. Rd2 Rc1+ 25. Rd1 Rxd1+ 26. Kxd1 Bxf2 27. Kd2 Rd7 28. Nc3 Bd4 29. Be6 Bxc3+ 30. Kxc3 Ne3 31. Bxd7+ Kxd7 32. g3 Nd5+ 33. Kd4 Kd6 34. Nd2 b6 35. Ne4+ Ke6 36. Re1 Nc7 37. Ng5+ Kf5 38. Nxh7 a5 39. Kc4 b5+ 40. Kc5 axb4 41. axb4 Kg6 42. Re7 Na6+ 43. Kxb5 Nb8 44. Rb7 f5 45. Rxb8 Kh5 46. Rg8 Kh6 47. Nf8 Kh5 48. Kc5 Kh6 49. b5 Kh5 50. b6 Kh6 51. b7 Kh5 52. b8Q Kh6 53. Ne6 Kh5 54. Rg7 Kh6 55. Qh8# 1-0

[Event "Hennebont Grand Prix"]
[Site "Hennebont"]
[Date "2006.08.05"]
[Round "3"]
[White "Bouteiller, Eleonore"]
[Black "Jouchet, Fabien"]
[Result "0-1"]
[WhiteElo "1470"]
[BlackElo "1690"]
[PlyCount "128"]
[EventDate "2006.08.05"]
[EventType "swiss"]
[EventRounds "7"]
[EventCountry "FRA"]
[SourceTitle "EXT 2007"]
[Source "ChessBase"]
[SourceDate "2006.11.23"]
[SourceVersion "1"]
[SourceVersionDate "2006.11.23"]
[SourceQuality "1"]

1. d4 d5 2. c4 c6 3. Nc3 Nf6 4. Nf3 Bg4 5. Ne5 Bf5 6. e3 Nbd7 7. Nxd7 Qxd7 8. cxd5 Nxd5 9. Nxd5 Qxd5 10. f3 Bg6 11. Bd3 0-0-0 12. Bxg6 hxg6 13. 0-0 e5 14. Qa4 Kb8 15. Rd1 e4 16. Qb3 exf3 17. Qxd5 f2+ 18. Kxf2 Rxd5 19. Kg1 Bd6 20. h3 Rh4 21. Rd3 c5 22. b3 cxd4 23. exd4 Be5 24. Bb2 Bxd4+ 25. Bxd4 Rhxd4 26. Rxd4 Rxd4 27. a4 Rb4 28. Rb1 Kc7 29. Kf2 Kd6 30. g4 g5 31. Kf3 g6 32. Rd1+ Ke5 33. Re1+ Kf6 34. Re3 Kg7 35. Ke2 f5 36. Kf3 Kf6 37. Rd3 Rb6 38. Rc3 Ke5 39. Re3+ Kd4 40. Ke2 Kd5 41. Rd3+ Kc5 42. Rc3+ Kb4 43. Kd2 Ka3 44. Kc2 Rb4 45. Rg3 Ka2 46. gxf5 gxf5 47. Rxg5 f4 48. Rg4 Rxb3 49. h4 f3 50. a5 Rb2+ 51. Kd1 f2 52. Ra4+ Kb3 53. Rf4 Ra2 54. Rf5 Kc3 55. Rf3+ Kd4 56. h5 Rxa5 57. Rf4+ Kd3 58. Rf3+ Ke4 59. Rxf2 Rxh5 60. Re2+ Kd3 61. Rd2+ Kc3 62. Rc2+ Kb3 63. Kc1 Rh1+ 64. Kd2 Rh2+ 0-1